Benchmarking jeho význam a meze
Teoretické vymedzenie pojmu benchmarking. Benchmarking ako medzipodnikové porovnávanie. Prínosy benchmarkingu pre firmu. Druhy porovnávania. Postup, etické a právne aspekty porovnávania. Význam pre management a zamestnancov.
Guardado en:
| Formato: | Capítulo de libro |
|---|---|
| Lenguaje: | checo |
| Materias: | |
| Etiquetas: |
Sin Etiquetas, Sea el primero en etiquetar este registro!
|
MARC
| LEADER | 00000naa a2200000 4500 | ||
|---|---|---|---|
| 001 | r034375 | ||
| 005 | 20231002100048.0 | ||
| 041 | 0 | |a cze | |
| 044 | |a CZ | ||
| 245 | 1 | 0 | |a Benchmarking jeho význam a meze |
| 520 | |a Teoretické vymedzenie pojmu benchmarking. Benchmarking ako medzipodnikové porovnávanie. Prínosy benchmarkingu pre firmu. Druhy porovnávania. Postup, etické a právne aspekty porovnávania. Význam pre management a zamestnancov. | ||
| 610 | 2 | 0 | |a benchmarking |
| 610 | 2 | 0 | |a porovnanie medzipodnikové |
| 610 | 2 | 0 | |a podnik |
| 610 | 2 | 0 | |a manažéri |
| 610 | 2 | 0 | |a manažment |
| 610 | 2 | 0 | |a zamestnanci |